| 000 | 00334nam a22001337a 4500 | ||
|---|---|---|---|
| 999 |
_c9195 _d9195 |
||
| 003 | OSt | ||
| 008 | 201119b ||||| |||| 00| 0 eng d | ||
| 100 | _aSehgal, J M | ||
| 245 | _aOrganic Chemistry Part-II Sem-III B.Sc | ||
| 250 | _a16th | ||
| 260 |
_aNew Delhi _bModern Publisher _c2020 |
||
| 650 | _aB.Sc Non Medical | ||
| 942 |
_2ddc _cBK |
||